[Event "Chessable Masters Losers"]
[Site "chess.com INT"]
[Date "2025.02.19"]
[Round "3.1"]
[White "Yu, Yangyi"]
[Black "Duda, Jan-Krzysztof"]
[Result "1-0"]
[WhiteTitle "GM"]
[BlackTitle "GM"]
[WhiteElo "2715"]
[BlackElo "2739"]
[WhiteFideId "8603820"]
[BlackFideId "1170546"]
[EventDate "2025.02.18"]
[EventType "k.o."]

1. d4 Nf6 2. c4 e6 3. Nc3 d5 4. cxd5 exd5 5. Bg5 c6 6. Qc2 Be7 7. e3 Nbd7 8. Bd3
h6 9. Bh4 Nh5 10. Bxe7 Qxe7 11. Nge2 Nb6 12. O-O O-O 13. Rae1 Bd7 14. a3 Rae8
15. Qd2 Qg5 16. Nf4 Bf5 17. h4 Qxh4 18. Bxf5 Nc4 19. Qc1 Nxf4 20. exf4 Qf6 21.
Bd3 Qxd4 22. Rd1 Kh8 23. Be2 Qf6 24. Bxc4 dxc4 25. Rd7 Re7 26. Rxe7 Qxe7 27. Re1
Qf6 28. Qe3 Rd8 29. Qxa7 Qxf4 30. Qxb7 Rb8 31. Qxc6 Rxb2 32. Qe8+ Kh7 33. Qe3
Qf6 34. a4 Rb3 35. Qe4+ g6 36. Nd5 Qc6 37. Qe5 g5 38. Ne7 Qd7 39. Nf5 Kg6 40. g4
f6 41. Qe7 1-0

[Event "Chessable Masters Losers"]
[Site "chess.com INT"]
[Date "2025.02.19"]
[Round "3.2"]
[White "Duda, Jan-Krzysztof"]
[Black "Yu, Yangyi"]
[Result "1-0"]
[WhiteTitle "GM"]
[BlackTitle "GM"]
[WhiteElo "2739"]
[BlackElo "2715"]
[WhiteFideId "1170546"]
[BlackFideId "8603820"]
[EventDate "2025.02.18"]
[EventType "k.o."]

1. e4 e5 2. Nf3 Nf6 3. d3 Nc6 4. Be2 Bc5 5. O-O d6 6. c3 a5 7. Nbd2 O-O 8. h3 h6
9. Re1 Re8 10. Nf1 a4 11. Ng3 Bb6 12. Bf1 d5 13. Qc2 Be6 14. Bd2 Qd7 15. b4 axb3
16. axb3 Qd6 17. b4 d4 18. Qb2 dxc3 19. Bxc3 Nd7 20. b5 Nd4 21. Nxd4 exd4 22.
Bd2 Nc5 23. Nf5 Bxf5 24. exf5 Rad8 25. Qa2 Qf6 26. g4 Qd6 27. Qc4 Nd7 28. Bg2
Ne5 29. Qb3 Rb8 30. Rac1 Bc5 31. Re4 Nd7 32. Rxe8+ Rxe8 33. Bxb7 Bb6 34. Bd5 Rf8
35. Rc6 Qe5 36. Bb4 Nf6 37. Rxf6 Qxf6 38. Bxf8 Kxf8 39. Qc4 Ke7 40. Kg2 Ke8 41.
Qa2 Ke7 42. Qe2+ Kf8 43. Qa2 Qe7 44. Bc6 Qd8 45. Qa3+ Kg8 46. Qc1 Qe7 47. Qf4
Bc5 48. Qf3 Bd6 49. Qd5 Qe5 50. Qxe5 Bxe5 51. Kf3 Kf8 52. Ke4 f6 53. Bd5 Ke7 54.
Bb7 Kf8 55. Ba8 Ke7 56. Bc6 Kd8 57. Bd5 Ke7 58. Be6 Kd8 59. Bg8 Ke7 60. Bb3 Kd8
61. Ba2 Ke7 62. Bb1 Kd8 63. Bc2 Ke7 64. Bb3 Kd8 65. Bc4 Ke7 66. f3 Kd8 67. Bd5
Ke7 68. Bc6 Kd8 69. Ba8 Ke7 70. Bb7 Kd8 71. Ba6 Ke7 72. Bc8 Kd8 73. Be6 Ke7 74.
Bg8 Kd8 75. Bb3 Ke7 76. Bd5 Kd8 77. h4 Ke7 78. Bc6 Kd8 79. Bb7 Ke7 80. Ba8 Kd8
81. Bd5 Ke7 82. Bg8 Bd6 83. Kxd4 Kd8 84. Kd5 Be5 85. Kc6 Bg3 86. h5 Bf2 87. Be6
Be3 88. Kd5 Bf2 89. Kc4 Ke7 90. Bd5 Kd8 91. Bc6 Ke7 92. d4 Kd6 93. Be4 Be3 94.
Bc6 Bf4 95. Kd3 Bg3 96. Ke4 Be1 97. Bd5 Ba5 98. Be6 Bb6 99. Bg8 Ba5 100. Bf7 1-0

[Event "Chessable Masters Losers"]
[Site "chess.com INT"]
[Date "2025.02.19"]
[Round "3.2"]
[White "Esipenko, Andrey"]
[Black "Nepomniachtchi, Ian"]
[Result "0-1"]
[WhiteTitle "GM"]
[BlackTitle "GM"]
[WhiteElo "2695"]
[BlackElo "2754"]
[WhiteFideId "24175439"]
[BlackFideId "4168119"]
[EventDate "2025.02.18"]
[EventType "k.o."]

1. d4 Nf6 2. c4 e6 3. Nc3 Bb4 4. Nf3 d5 5. g3 O-O 6. Bg2 dxc4 7. O-O Nc6 8. a3
Bd6 9. Qa4 e5 10. Qxc4 Nxd4 11. Nxd4 exd4 12. Qxd4 Qe7 13. Bf4 Bxf4 14. Qxf4 c6
15. Rfd1 Be6 16. Qe3 Rfe8 17. h3 h6 18. Rd2 Qc7 19. Qc5 Nd7 20. Qb4 a5 21. Qd4
Ne5 22. Qc5 Nd7 23. Qd4 Ne5 24. Qc5 Rac8 25. b4 Nc4 26. Rdd1 b6 27. Qh5 Qe7 28.
bxa5 Nxa5 29. a4 Nc4 30. Qf3 Qb4 31. Rab1 Qa5 32. g4 Red8 33. Qg3 Nd2 34. Rbc1
Nb3 35. Rb1 Nd4 36. Kh1 c5 37. h4 Bb3 38. Rdc1 c4 39. g5 hxg5 40. hxg5 Bc2 41.
Rb2 Bg6 42. e4 Nb3 43. Rcc2 Rd3 44. Qg4 Re8 45. Nd5 Qe1+ 46. Kh2 Nd4 47. Ne7+
Rxe7 48. Qc8+ Kh7 49. Rxb6 Rxe4 0-1

[Event "Chessable Masters Losers"]
[Site "chess.com INT"]
[Date "2025.02.19"]
[Round "3.3"]
[White "Duda, Jan-Krzysztof"]
[Black "Yu, Yangyi"]
[Result "1-0"]
[WhiteTitle "GM"]
[BlackTitle "GM"]
[WhiteElo "2739"]
[BlackElo "2715"]
[WhiteFideId "1170546"]
[BlackFideId "8603820"]
[EventDate "2025.02.18"]
[EventType "k.o."]

1. e4 e5 2. Nf3 Nf6 3. d3 Nc6 4. g3 g6 5. Bg2 Bg7 6. c4 O-O 7. Nc3 d6 8. h3 a6
9. Be3 Rb8 10. Qd2 b5 11. b3 Ne7 12. O-O c6 13. c5 d5 14. Bh6 dxe4 15. Nxe4 Nxe4
16. dxe4 Qxd2 17. Bxd2 f6 18. Ba5 Be6 19. Rfd1 Kf7 20. Rd6 Rfc8 21. Rc1 Bf8 22.
Ne1 Ng8 23. Rdd1 Rb7 24. Kh2 h5 25. Bf3 Nh6 26. Nd3 Rd7 27. Nb4 Rxd1 28. Bxd1 h4
29. gxh4 Ng8 30. Bb6 Bh6 31. Rc2 Bf4+ 32. Kg2 f5 33. exf5 Bxf5 34. Re2 Nf6 35.
Bc2 e4 36. a4 Nd5 37. Nxd5 cxd5 38. f3 e3 39. Bxf5 gxf5 40. c6 Rxc6 41. Bxe3
Bxe3 42. Rxe3 bxa4 43. bxa4 Kf6 44. Kg3 Rc4 45. Rb3 Rxa4 46. Rb6+ Kg7 47. Rd6 d4
48. Kf4 a5 49. h5 Rb4 50. h6+ Kh7 51. Kg5 a4 52. Rd7+ Kh8 53. Rd8+ Kh7 54. Rd7+
Kh8 55. f4 a3 56. Ra7 Rb3 57. Ra8+ Kh7 58. Ra7+ Kh8 59. Kg6 Rg3+ 60. Kxf5 Rxh3
61. Ke4 d3 62. Rxa3 d2 63. Ra8+ Kh7 64. Rd8 Rh2 65. Rd6 Re2+ 66. Kf5 Rg2 67. Ke4
Re2+ 68. Kf3 Rh2 69. Kg4 Rg2+ 70. Kh3 Re2 71. Kg3 Re3+ 72. Kf2 Rh3 73. Ke2 Rxh6
74. Rd7+ Kg6 75. Kxd2 Kf5 76. Rd4 Rh3 77. Ke2 Rg3 78. Kf2 Rh3 79. Ra4 Rb3 80.
Kg2 Rc3 81. Kf2 Rd3 82. Rb4 Rc3 83. Ke2 Rc2+ 84. Kd3 Rc5 85. Ke3 Ra5 86. Rb3 Rd5
87. Kf3 Rb5 88. Re3 Rd5 89. Kg3 Rd4 90. Re5+ Kf6 91. Kg4 Rd6 92. Rf5+ 1-0

[Event "Chessable Masters Losers"]
[Site "chess.com INT"]
[Date "2025.02.20"]
[Round "4.1"]
[White "Erigaisi, Arjun"]
[Black "Nepomniachtchi, Ian"]
[Result "0-1"]
[WhiteTitle "GM"]
[BlackTitle "GM"]
[WhiteElo "2801"]
[BlackElo "2754"]
[WhiteFideId "35009192"]
[BlackFideId "4168119"]
[EventDate "2025.02.18"]
[EventType "k.o."]

1. e4 e5 2. Nf3 Nc6 3. Bb5 a6 4. Ba4 Nf6 5. O-O Be7 6. Re1 b5 7. Bb3 O-O 8. c3
d5 9. exd5 Nxd5 10. Nxe5 Nxe5 11. Rxe5 c6 12. Re1 Bd6 13. d4 Qh4 14. g3 Qh3 15.
Re4 g5 16. Qf1 Qh5 17. Nd2 Bh3 18. Qe2 Qg6 19. Nf3 f6 20. Bd2 Bf5 21. Re6 Rae8
22. Re3 Kg7 23. Bxd5 cxd5 24. a4 Bg4 25. axb5 Rxe3 26. fxe3 Qe4 27. Rf1 axb5 28.
Qf2 Bh3 29. Ra1 Rf7 30. Be1 Re7 31. Ra6 Re6 32. Bd2 Qb1+ 33. Be1 Qd3 34. Ra7+
Kg6 35. Bd2 Qb1+ 36. Be1 Qe4 37. Bd2 h6 38. Ra1 Qc2 39. Be1 Qd3 40. Bd2 Bg4 41.
Ne1 Qc4 42. Qf1 Be2 43. Qg2 Bg4 44. Qf1 Qc7 45. Qxb5 Bf5 46. Qe2 Be4 47. Qf2 h5
48. Ng2 Qc4 49. h4 g4 50. Rf1 Bf3 51. Ra1 Qb3 52. Be1 Qb8 53. b4 Qb5 54. Qf1 Qb7
55. Qa6 Qc7 56. Nf4+ Bxf4 57. Qxe6 Bxg3 58. Qg8+ Kf5 59. Qe8 Bh2+ 60. Kf1 Qc4+ 0-1

[Event "Chessable Masters Losers"]
[Site "chess.com INT"]
[Date "2025.02.20"]
[Round "4.1"]
[White "Firouzja, Alireza"]
[Black "Duda, Jan-Krzysztof"]
[Result "0-1"]
[WhiteTitle "GM"]
[BlackTitle "GM"]
[WhiteElo "2760"]
[BlackElo "2739"]
[WhiteFideId "12573981"]
[BlackFideId "1170546"]
[EventDate "2025.02.18"]
[EventType "k.o."]

1. e4 e5 2. Nf3 Nf6 3. d4 Nxe4 4. dxe5 d5 5. Nbd2 Nc5 6. Nd4 Be7 7. Be2 O-O 8.
O-O Ne6 9. Nf5 Nf4 10. Bg4 Nc6 11. Nf3 Ng6 12. Re1 Be6 13. c3 Qd7 14. Qd3 a5 15.
Bd2 Bc5 16. Ng5 Rfe8 17. Qh3 Nf8 18. Rad1 Ne7 19. Nxe6 fxe6 20. Nd4 Bxd4 21.
cxd4 Nf5 22. Qd3 Ng6 23. g3 Rf8 24. h4 Nge7 25. h5 h6 26. a3 Nc6 27. Bc3 Qe7 28.
f4 Rab8 29. Rf1 b5 30. Bxf5 Rxf5 31. g4 Rf7 32. Be1 b4 33. Rc1 bxa3 34. bxa3 Rb6
35. Kg2 a4 36. Rc3 Rb3 37. Rxb3 axb3 38. Qc3 Qxa3 39. Qxc6 b2 40. Qc2 Qa2 41.
Bf2 Rxf4 42. Kg3 Rf7 43. Rb1 Qa3+ 44. Kh2 Qf3 45. Rxb2 Qxg4 46. Rb8+ Rf8 47.
Rxf8+ Kxf8 48. Qg6 Qf3 49. Kg1 Qh3 50. Bg3 Kg8 51. Kf2 Kf8 52. Kf3 Qf1+ 53. Bf2
Qh3+ 54. Bg3 Qf1+ 55. Bf2 Qa6 56. Kg2 Qc6 57. Qg4 Qe8 58. Qf3+ Kg8 59. Qg4 Qf7
60. Bh4 Kh7 61. Kg3 Qe8 62. Qf3 Kg8 63. Qd3 Qa4 64. Qg6 Qb3+ 65. Kh2 Qb2+ 66.
Kh3 Qc3+ 67. Bg3 Qc6 68. Bh4 Kf8 69. Bf6 Qd7 70. Bh4 Qc6 71. Qg4 Qe8 72. Bg3 Kg8
73. Qf4 Qxh5+ 74. Qh4 Qf5+ 75. Qg4 Qf1+ 76. Kh4 Qf7 77. Qh5 g5+ 0-1

[Event "Chessable Masters Losers"]
[Site "chess.com INT"]
[Date "2025.02.20"]
[Round "4.2"]
[White "Duda, Jan-Krzysztof"]
[Black "Firouzja, Alireza"]
[Result "1-0"]
[WhiteTitle "GM"]
[BlackTitle "GM"]
[WhiteElo "2739"]
[BlackElo "2760"]
[WhiteFideId "1170546"]
[BlackFideId "12573981"]
[EventDate "2025.02.18"]
[EventType "k.o."]

1. d4 f5 2. Nf3 Nf6 3. Bf4 g6 4. e3 Bg7 5. h3 O-O 6. Be2 e6 7. c4 d6 8. Nc3 Qe7
9. O-O Nc6 10. Bh2 h6 11. Rc1 Kh7 12. a3 a5 13. Nb5 e5 14. c5 Rd8 15. Qc2 a4 16.
Rfd1 e4 17. Nd2 Be6 18. cxd6 cxd6 19. Nc4 Bxc4 20. Qxc4 d5 21. Qc5 Qd7 22. Qb6
Ne8 23. Nc7 Nxc7 24. Qxc7 Qxc7 25. Bxc7 Rd7 26. Bh2 Ra5 27. g4 Bf8 28. Rc3 Kg7
29. Rb1 Bd6 30. Bxd6 Rxd6 31. b4 axb3 32. Rbxb3 Ra7 33. Rb6 Rf6 34. Bb5 Ne7 35.
Rxf6 Kxf6 36. a4 h5 37. gxh5 gxh5 38. f4 exf3 39. Kf2 b6 40. Kxf3 Kg5 41. Rc1
Ng6 42. Rc6 Rb7 43. Rd6 Rc7 44. Rxd5 Nh4+ 45. Kf2 Rc2+ 46. Be2 Ra2 47. Rb5 Ng6
48. Rxb6 Rxa4 49. Rb2 Ra3 50. Rb5 Ne7 51. Re5 Ng6 52. Rb5 Ne7 53. Re5 Nc8 54.
Rd5 Kf6 55. Bxh5 Ke6 56. Re5+ Kf6 57. Rd5 Ra6 58. Be2 Rb6 59. Bd3 Ne7 60. Rb5
Rc6 61. Rc5 Rd6 62. Kf3 Rd8 63. Ra5 Rh8 64. Kg3 Rg8+ 65. Kf3 Rh8 66. Kg3 Rc8 67.
Kf3 Rc3 68. Ke2 Rc1 69. h4 Rh1 70. Ra6+ Kf7 71. Bc4+ Ke8 72. Ra8+ Kd7 73. Ra7+ 1-0

[Event "Chessable Masters Losers"]
[Site "chess.com INT"]
[Date "2025.02.20"]
[Round "4.2"]
[White "Nepomniachtchi, Ian"]
[Black "Erigaisi, Arjun"]
[Result "1-0"]
[WhiteTitle "GM"]
[BlackTitle "GM"]
[WhiteElo "2754"]
[BlackElo "2801"]
[WhiteFideId "4168119"]
[BlackFideId "35009192"]
[EventDate "2025.02.18"]
[EventType "k.o."]

1. e4 e6 2. d4 d5 3. exd5 exd5 4. Nf3 Nf6 5. Bd3 c5 6. O-O c4 7. Re1+ Be7 8. Bf1
O-O 9. b3 cxb3 10. axb3 Nc6 11. h3 Bf5 12. Bd3 Ne4 13. c3 Bd6 14. Be3 Re8 15. b4
Re6 16. b5 Na5 17. Ng5 Rg6 18. Bxe4 dxe4 19. Qh5 Rf6 20. Nd2 Bg6 21. Qg4 Bc7 22.
Ndxe4 Rb6 23. Rxa5 f5 24. Qe2 fxe4 25. Qc4+ Kh8 26. Rea1 h6 27. Ne6 Rxe6 28.
Qxe6 Bxa5 29. Qxg6 Bxc3 30. Rd1 Qe8 31. Qxe8+ Rxe8 32. d5 b6 33. d6 Rd8 34. Bf4
Rd7 35. Rc1 Bb4 36. Rc7 Rd8 37. d7 Kh7 38. Rxa7 Bc5 39. Be3 Bxe3 40. fxe3 Kg6
41. Rb7 Kf5 42. Kf2 Ke6 43. Rxb6+ Kxd7 44. Rg6 Rf8+ 45. Kg3 Rf7 46. b6 Kc8 47.
Rc6+ Kb8 48. Rc7 Rf6 49. Rxg7 Rxb6 50. Kf4 Re6 51. g4 Kc8 52. h4 Kd8 53. h5 Ke8
54. Rg6 Rxg6 55. hxg6 Ke7 56. Ke5 Kf8 57. Kxe4 1-0

[Event "Chessable Masters Losers"]
[Site "chess.com INT"]
[Date "2025.02.20"]
[Round "5.1"]
[White "Nepomniachtchi, Ian"]
[Black "Duda, Jan-Krzysztof"]
[Result "1/2-1/2"]
[WhiteTitle "GM"]
[BlackTitle "GM"]
[WhiteElo "2754"]
[BlackElo "2739"]
[WhiteFideId "4168119"]
[BlackFideId "1170546"]
[EventDate "2025.02.18"]
[EventType "k.o."]

1. e4 e5 2. Nf3 Nc6 3. Bc4 Bc5 4. d3 Nf6 5. Nc3 d6 6. Na4 Bb6 7. a3 h6 8. O-O
O-O 9. h3 Ne7 10. b4 Ng6 11. Re1 Re8 12. Bb3 Be6 13. c4 c6 14. Nxb6 axb6 15. d4
c5 16. dxe5 Nxe5 17. Nxe5 dxe5 18. Qc2 cxb4 19. Bb2 bxa3 20. Bxe5 Nd7 21. Bc3
Nc5 22. Re3 b5 23. Rg3 f6 24. Bb4 bxc4 25. Bxc4 Qd4 26. Bxe6+ Rxe6 27. Raxa3
Rxa3 28. Bxa3 Nxe4 29. Re3 Qd5 30. Rd3 Qc6 31. Rd8+ Kh7 32. Qd3 Qc3 33. Qxc3
Nxc3 34. Rd7 b5 35. Rb7 Kg8 36. Bb4 Ne2+ 37. Kh2 Nd4 38. Bc5 Nc6 39. f4 Re4 40.
Rb6 Rxf4 41. Rxc6 Rc4 42. Rc7 b4 43. Rb7 Rxc5 44. Rxb4 Kh7 45. Ra4 h5 46. Rb4 g5
47. Ra4 Kg6 48. Rb4 Rc6 49. Ra4 f5 50. Ra5 g4 51. hxg4 hxg4 52. g3 Kg5 53. Kg2
Rc2+ 54. Kg1 Rd2 55. Rb5 Rd6 56. Kg2 Kf6 57. Ra5 Ke6 58. Rb5 Rd2+ 59. Kg1 Rd5
60. Rb4 Ke5 61. Kf2 Rd2+ 62. Kf1 Rd4 63. Rb3 Ke4 64. Ke2 Ra4 65. Re3+ Kd4 66.
Rd3+ Ke5 67. Rd2 f4 68. gxf4+ Rxf4 69. Rd3 Kf5 70. Rd5+ Kf6 71. Ke3 Rf1 72. Ke2
Rf3 73. Ra5 Kg6 74. Rb5 Rf6 75. Rc5 Kh6 76. Rb5 g3 77. Rb3 g2 78. Rh3+ Kg7 79.
Rg3+ Rg6 80. Rxg6+ Kxg6 81. Kf2 g1=Q+ 82. Kxg1 1/2-1/2

[Event "Chessable Masters Losers"]
[Site "chess.com INT"]
[Date "2025.02.20"]
[Round "5.2"]
[White "Duda, Jan-Krzysztof"]
[Black "Nepomniachtchi, Ian"]
[Result "0-1"]
[WhiteTitle "GM"]
[BlackTitle "GM"]
[WhiteElo "2739"]
[BlackElo "2754"]
[WhiteFideId "1170546"]
[BlackFideId "4168119"]
[EventDate "2025.02.18"]
[EventType "k.o."]

1. d4 Nf6 2. c4 e6 3. Nf3 d5 4. g3 Bb4+ 5. Bd2 a5 6. Qc1 O-O 7. Bg2 Be7 8. O-O
c6 9. Bg5 Nbd7 10. Nbd2 h6 11. Bxf6 Nxf6 12. Qc2 a4 13. a3 Qa5 14. Rac1 Rd8 15.
Rfd1 Bd7 16. e4 Be8 17. h4 dxe4 18. Nxe4 Nxe4 19. Qxe4 Bf6 20. c5 b6 21. Qe2
Rab8 22. Rd2 bxc5 23. Rxc5 Rb5 24. Rxb5 Qxb5 25. Bf1 Qxe2 26. Bxe2 c5 27. dxc5
Rxd2 28. Nxd2 Bxb2 29. Nc4 Bd4 30. Nd6 Bc6 31. Bb5 Bxb5 32. Nxb5 Bxc5 33. Kf1 f5
34. f4 Kf7 35. Ke2 e5 36. fxe5 Ke6 37. Nc3 Kxe5 38. Nxa4 Bd4 39. Kd3 Bf2 40. Nc3
Bxg3 41. h5 Kf6 42. Ne2 Bc7 43. a4 Kg5 44. Nd4 Bb6 45. Ne6+ Kxh5 46. a5 Ba7 47.
Nxg7+ Kg4 48. Ke2 f4 49. Kf1 h5 50. Ne8 h4 51. Kg2 f3+ 0-1